Catálogo

PRODUCCION FORESTAL (Registro nro. 45759)

Detalles MARC
000 -LEADER
fixed length control field 00831nam a2200181 a 4500
001 - CONTROL NUMBER
control field 45759
005 - DATE AND TIME OF LATEST TRANSACTION
control field 20180714025054.0
008 - FIXED-LENGTH DATA ELEMENTS--GENERAL INFORMATION
fixed length control field 140415s1992 mx 000 0 spa d
020 ## - INTERNATIONAL STANDARD BOOK NUMBER
International Standard Book Number 9682437393
041 ## - LANGUAGE CODE
Language code of text/sound track or separate title spa
082 ## - DEWEY DECIMAL CLASSIFICATION NUMBER
Classification number 631
Item number PRO
245 00 - TITLE STATEMENT
Title PRODUCCION FORESTAL
250 ## - EDITION STATEMENT
Edition statement 2a ed.
260 ## - PUBLICATION, DISTRIBUTION, ETC.
Place of publication, distribution, etc. MEXICO :
Name of publisher, distributor, etc. TRILLAS,
Date of publication, distribution, etc. 1992
300 ## - PHYSICAL DESCRIPTION
Extent 199
Dimensions 23 x 15 x 1
520 ## - SUMMARY, ETC.
Summary, etc. EN LE MUNDO DE HOY, TAN DENSAMENTE POBLADO Y TREMENDAMENTE CONTAMINADO, LA CONSERVACIÓN DE LOS BOSQUES ES FUNDAMENTAL DEBIDO A QUE LOS ÁRBOLES SON LOS MARAVILLOSOS SERES VIVOS QUE ACTÚAN COMO UN ENORME PULMÓN PARA LAS CUIDADES, PROPORCIONANDO ADEMÁS, ÁREAS DE RECREACIÓN, AMBIENTE AGRADABLE, ASÍ COMO UNA PRODUCCIÓN CONSIDERABLE EN MADERAS PARA INDUSTRIAS, CONSTRUCCIONES Y CALEFACCIÓN.
650 14 - SUBJECT ADDED ENTRY--TOPICAL TERM
Topical term or geographic name entry element ARBOLES
General subdivision FORESTACION
Existencias
Withdrawn status Lost status Source of classification or shelving scheme Damaged status Not for loan Collection code Home library Current library Shelving location Date acquired Source of acquisition Inventory number Total Checkouts Full call number Barcode Date last seen Date last checked out Price effective from Koha item type
    Dewey Decimal Classification     General Biblioteca Karol Wojtyla Biblioteca Karol Wojtyla Sala general 03/12/2013 Compra 151000000000000000012769 1 631 PRO 68714 05/01/2026 20/06/2019 03/12/2013 Libro